000 00506nam a2200181Ia 4500
999 _c30208
_d30208
003 OSt
005 20201124103250.0
008 190216s9999||||xx |||||||||||||| ||und||
020 _a9789386560162
040 _coclc
082 _a894.8123
_bPAM/E
100 _aPambirikunnu, Pradeepan
_96877
245 0 _aEri /
_cPradeepan Pambirikunnu
260 _bD C Books,
_c2018.
_aKottayam:
300 _a127p
650 _aMalayalam
942 _cBK
_2ddc
_h894.8123
_iPAM/E
_k894.8123
_mPAM/E